Lewis Adult health Nursing I with Integrated Pathophysiology Vol.1 (Record no. 369252)
[ view plain ]
| 000 -LEADER | |
|---|---|
| fixed length control field | 00763nam a2200229 4500 |
| 005 - DATE AND TIME OF LATEST TRANSACTION | |
| control field | 20260330123641.0 |
| 008 - FIXED-LENGTH DATA ELEMENTS--GENERAL INFORMATION | |
| fixed length control field | 251203b |||||||| |||| 00| 0 eng d |
| 020 ## - INTERNATIONAL STANDARD BOOK NUMBER | |
| International Standard Book Number | 978-81-312-6923-7 |
| 041 ## - LANGUAGE CODE | |
| Language code of text/sound track or separate title | Eng |
| 082 ## - DEWEY DECIMAL CLASSIFICATION NUMBER | |
| Edition number | 5th.ed (SAE) |
| Classification number | MS 610.73677 CHI B11920 |
| 100 ## - MAIN ENTRY--PERSONAL NAME | |
| Author | Chintamani |
| 245 ## - TITLE STATEMENT | |
| Title | Lewis Adult health Nursing I with Integrated Pathophysiology Vol.1 |
| 250 ## - EDITION STATEMENT | |
| Edition statement | 5th ed. (SAE) |
| 260 ## - PUBLICATION, DISTRIBUTION, ETC. | |
| Place of publication, distribution, etc. | New Delhi |
| Name of publisher, distributor, etc. | Elsevier |
| Date of publication, distribution, etc. | 2025 |
| 300 ## - PHYSICAL DESCRIPTION | |
| Extent | xxviii,1342p.A19p |
| Other physical details | pb |
| Dimensions | 27.5x21cm |
| 365 ## - TRADE PRICE | |
| Price type code | Rupaye |
| Price amount | 1487.5 |
| Currency code | INR |
| 500 ## - GENERAL NOTE | |
| Keywords | Medical Surgical Nursing |
| 521 ## - TARGET AUDIENCE NOTE | |
| Target audience note | Lewis Adult health Nursing I with Integrated Pathophysiology Vol.1 |
| 650 ## - SUBJECT ADDED ENTRY--TOPICAL TERM | |
| Topical term or geographic name entry element | Medical Surgical Nursing |
| 651 ## - SUBJECT ADDED ENTRY--GEOGRAPHIC NAME | |
| Geographic name | Medical Surgical Nursing |
| 942 ## - ADDED ENTRY ELEMENTS (KOHA) | |
| Koha item type | Books |
| Withdrawn status | Lost status | Source of classification or shelving scheme | Damaged status | Not for loan | Collection code | Home library | Current library | Date acquired | Vendor | Net Price | Bill number | Total Checkouts | Full call number | Barcode | Date last seen | Discount | Actual Price | Bill Date | Koha item type | Original Barcode |
|---|---|---|---|---|---|---|---|---|---|---|---|---|---|---|---|---|---|---|---|---|
| Dewey Decimal Classification | Reference | Reference | Smt. Bakul Tambat Institute of Nursing Education | Smt. Bakul Tambat Institute of Nursing Education | 18/11/2025 | Patil Medical Book | 922.25 | 2026 | MS 610.73677 CHI B11920 | BTIN-BK-11920 | 03/12/2025 | 38% | 1487.50 | 29/10/2025 | Books | BTIN-BK-11920 | ||||
| Dewey Decimal Classification | Non-fiction | Smt. Bakul Tambat Institute of Nursing Education | Smt. Bakul Tambat Institute of Nursing Education | 18/11/2025 | Patil Medical Book | 922.25 | 2026 | MS 610.73677 CHI B11921 | BTIN-BK-11921 | 03/12/2025 | 38% | 1487.50 | 29/10/2025 | Books | BTIN-BK-11921 |